Bahaya syirik menurut Al-Qur'an

Bibliographic Details
Main Author: 'Abdullah Al-Qari B Hj Salleh
Format: Book
Published: Kuala Lumpur : Al-Hidayah , 1995
Subjects:

MARC

LEADER 00000cam a2200000 7i4500
001 0000013537
005 20080117.0
008 080117
020 |a 9839188194 
090 0 0 |a 297.2   |b ABD 
100 0 |a 'Abdullah Al-Qari B Hj Salleh 
245 1 0 |a Bahaya syirik menurut Al-Qur'an   |c 'Abdullah Al-Qari B Hj Salleh 
260 |a Kuala Lumpur :   |b Al-Hidayah ,   |c 1995 
650 0 |a Islam   |x Doctrines 
999 |a 0001005038   |b Book   |c Adult Collection   |e Perbadanan Perpustakaan Awam Johor 
999 |a 0001005039   |b Book   |c Adult Collection   |e Perbadanan Perpustakaan Awam Johor 
999 |a 0001005040   |b Book   |c Adult Collection   |e Perbadanan Perpustakaan Awam Johor